000 00955nam a22003017i 4500
003 EG-GICUC
005 20260121101526.0
008 251220s1982 fr ||||fr|||| 000 0 fre d
040 _aEG-GiCUC
_bfre
_cEG-GiCUC
_dEG-GiCUC
_eRda
041 _afre
082 0 4 _221
_a341.81
_bGH . M
092 0 4 _221
099 _aLaw1 12 341.81 GH . M 1 ed - 1982
100 1 _aGhertman, Michel
_eAuteur
245 1 4 _aLes Multinationales /
_cMichel Ghertman.
250 _a1st. ed.
264 1 _aParis :
_bPresses Universitaires De France,
_c1982.
300 _a127 Pages ;
_c 24 cm.
336 _2rda contenu
_a texte
337 _2rda medias
_aOrdinateur
338 _2 transporteur rda
_a Ressource en ligne
504 _aInclude Bibliographic references
546 _aTexte en français
650 1 4 _aNationalité
_xDroit international privé
856 4 0 _uhttps://fll.law.cu.edu.eg/fulltext/bks/B12-01674.pdf
905 _a75
942 _2ddc
_cBK
_e21
_n0
999 _c51834
_d51834